Szczegóły MARC21

Ocena efektywności inwestycji /

003 -Nazwa inst., której nr kontr. jest w polu 001 [,]
    • @
    • Nazwa instytucji, której n kontrolny jest w polu 001
    • NUKAT
005 -DATA I CZAS OSTATNIEJ MODYFIKACJI [,]
    • @
    • pole kontrolne
    • 20241231112537.0
020 -Międzynarod. znormalizowany nr książki - ISBN [ , ]
    • a
    • Numer ISBN
    • 8387885495 Find
040 -Instytucja sporządzająca opis [ , ]
    • a
    • Instytucja, która sporządziła opis (NP)
    • WA U/88DWA
    • c
    • Instytucja, która sporządziła rekord (NP)
    • WA U/DWA
    • d
    • Instytucja, która zmodyfikowała rekord (P)
    • WA U/DWA
    • d
    • Instytucja, która zmodyfikowała rekord (P)
    • KR 93/KKs
    • d
    • Instytucja, która zmodyfikowała rekord (P)
    • KR U/42KJs
    • d
    • Instytucja, która zmodyfikowała rekord (P)
    • SZCZ U/JS
942 -Rodzaj dokumentu [ , ]
    • c
    • Rodzaj dokumentu
    • Książka
100 -Hasło główne - nazwa osobowa [1, ]
    • a
    • Nazwa osobowa (NP)
    • Pastusiak, Radosław.
    • 9
    • KHW
    • 9402
245 -Strefa tytułu i oznaczenia odpowiedzialności [1,0]
    • a
    • Tytuł
    • Ocena efektywności inwestycji / Find
    • c
    • Pozostałe elementy strefy tytułu i oznaczenia odpowiedzialności (NP)
    • Radosław Pastusiak.
260 -Strefa adresu wydawniczego [ , ]
    • a
    • Miejsce wydania (P)
    • Warszawa :
    • b
    • Nazwa wydawcy (P)
    • CeDeWu,
    • c
    • Data wydania (P)
    • 2003.
300 -Strefa opisu fizycznego [ , ]
    • a
    • Określenie formy książki i/lub objętość (NP)
    • 220 s. :
    • b
    • Oznaczenie ilustracji (NP)
    • wykr. ;
    • c
    • Format (NP)
    • 24 cm.
336 -Typ zawartości [ , ]
    • a
    • Termin opisujący typ zawartości
    • Tekst
    • b
    • Kod określający zawartość
    • txt
    • 2
    • Źródło (terminu i kodu)
    • rdacontent
337 -Typ mediów [ , ]
    • a
    • Tryb odtwarzania
    • Bez urządzenia pośredniczącego
    • b
    • Kod typu mediów
    • n
    • 2
    • Źródło (terminu i kodu)
    • rdamedia
338 -Typ/rodzaj nośnika [ , ]
    • a
    • Hasło opisujące typ nośnika
    • Wolumin
    • b
    • Kod typu nośnika
    • nc
    • 2
    • Źródło (terminu i kodu)
    • rdacarrier
504 -Uwaga dot. bibliogr. załącznikowej [ , ]
    • a
    • Uwaga dot. bibliografii załącznikowej
    • Bibliogr. s. 215-220.
650 -Hasło przedmiotowe [ ,7]
    • a
    • Hasło przedmiotowe
    • Inwestycje kapitału
    • x
    • Określnik rzeczowy
    • ocena.
    • 2
    • Źródło terminu
    • kaba
    • 9
    • KHW
    • 363719
650 -Hasło przedmiotowe [ ,7]
    • a
    • Hasło przedmiotowe
    • Inwestycje kapitału
    • z
    • Określnik geograficzny
    • Polska
    • v
    • Określnik formalny
    • studium przypadku.
    • 2
    • Źródło terminu
    • kaba
    • 9
    • KHW
    • 436505
710 -Hasło dodatkowe - nazwa ciała zbiorowego [2, ]
    • a
    • Nazwa ciała zbiorowego lub nazwa geograficzna jako pierwszy element (NP)
    • CeDeWu.
    • 4
    • Kod relacji
    • pbl
    • 9
    • KHW
    • 51194
920 -ISBN [ , ]
    • a
    • ISBN
    • 83-87885-49-5 Find
Lokalizacja Data inwentaryzacji Numer inwentarzowy Status udost. Sygnatura
T2004-11-30T.8213-2T.8213
T2005-02-21TM.2878-3 
T2007-07-27TM.4712-2